000
00288nam a22001337a 4500
008
190225b xxu||||| |||| 00| 0 eng d
020
_a
9780385248518
041
_a
eng
080
_a
338
100
_a
52
101
_a
MNG
245
_a
Creativity in Business
_c
Ray, M
942
_2
udc
_c
BK
999
_c
54206
_d
54206